Guías HBR: Mejora tu escritura en el trabajo (Registro nro. 13105)
[ vista simple ]
| 000 -CABECERA | |
|---|---|
| campo de control de longitud fija | 00923nam a22003497a 4500 |
| 005 - FECHA Y HORA DE ACTUALIZACIÓN | |
| campo de control | 20230823152449.0 |
| 008 - LONGITUD FIJA | |
| campo de control de longitud fija | 210812s2017 xxu||||| |||| 00| 0 spa d |
| 020 ## - INTERNATIONAL STANDARD BOOK NUMBER | |
| Número Internacional Estándar del Libro | 9788494562952 |
| 041 ## - IDIOMA | |
| Código de idioma del texto/pista de sonido o título separado | Español |
| 082 ## - CLASIFICACIÓN DECIMAL DEWEY | |
| Número de clasificación | 462.2 G234g |
| 100 ## - AUTOR PERSONAL | |
| Nombre de persona | Garner, Bryan A. |
| 245 ## - TÍTULO PROPIAMENTE DICHO | |
| Título | Guías HBR: Mejora tu escritura en el trabajo |
| 260 ## - PIE DE IMPRENTA | |
| Lugar de publicación, distribución, etc. | España |
| 260 ## - PIE DE IMPRENTA | |
| Nombre del editor, distribuidor, etc. | Editorial Reverté |
| 260 ## - PIE DE IMPRENTA | |
| Fecha de publicación, distribución, etc. | 2017 |
| 300 ## - DESCRIPCIÓN FÍSICA | |
| Extensión | 174 páginas |
| 650 ## - Materia General | |
| Materia general | REDACCIÓN |
| 650 ## - Materia General | |
| Materia general | COMUNICACIÓN ESCRITA |
| 650 ## - Materia General | |
| Materia general | PROCESO DE ESCRITURA |
| 650 ## - Materia General | |
| Materia general | IDEAS PRINCIPALES |
| 650 ## - Materia General | |
| Materia general | CONCEPTOS GRAMATICALES BÁSICOS |
| 650 ## - Materia General | |
| Materia general | ESCRITOS HABITUALES |
| 650 ## - Materia General | |
| Materia general | CORREOS ELECTRÓNICOS |
| 650 ## - Materia General | |
| Materia general | CARTAS DE NEGOCIOS |
| 650 ## - Materia General | |
| Materia general | MEMORANDOS |
| 650 ## - Materia General | |
| Materia general | INFORMES |
| 650 ## - Materia General | |
| Materia general | EVALUACIONES DE DESEMPEÑO |
| 650 ## - Materia General | |
| Materia general | REGLAS DE PUNTUACIÓN |
| 650 ## - Materia General | |
| Materia general | EXPRESIONES |
| 650 ## - Materia General | |
| Materia general | REGLAS |
| 942 ## - Punto de Acceso Adicional Koha | |
| Tipo de ítem Koha | Libro |
| Estado perdido | Estado dañado | No para préstamo | Biblioteca permanente | Biblioteca actual | Signatura completa | Código de barras | Precio efectivo a partir del | Tipo de ítem |
|---|---|---|---|---|---|---|---|---|
| Departamento de Biblioteca y Documentación Alfonso Chase Brenes | Departamento de Biblioteca y Documentación Alfonso Chase Brenes | 462.2 G234g | 25362 | 12/08/2021 | Libro |